Kpop artists with over 5 million subscribers - Statistics

General Stats
  • This quiz has been taken 69 times
  • The average score is 19 of 33
Answer Stats
Subscribers (in mio.) Group % Correct
100 BLACKPINK
100%
82.5 BTS
100%
23.2 Stray Kids
95%
19.1 TWICE
92%
13.3 TXT
87%
13.5 ENHYPEN
85%
9.76 ITZY
81%
16.8 SEVENTEEN
77%
8.25 aespa
76%
16.7 BIGBANG
76%
9.87 EXO
74%
7.06 LE SSERAFIM
71%
11.4 BABYMONSTER
69%
8.30 New Jeans
68%
5.55 Red Velvet
66%
9.62 i-dle
65%
6.03 2NE1
52%
5.63 NCT 127
52%
7.05 NCT DREAM
50%
6.84 MAMAMOO
48%
6.41 NCT U
48%
7.91 TREASURE
47%
6.23 GOT7
45%
8.43 LISA
45%
19.7 ROSÉ
45%
17.1 JENNIE
44%
8.70 JISOO
44%
20.3 PSY
39%
8.67 iKON
34%
8.30 KATSEYE *
31%
5.52 ASTRO
26%
5.36 Jackson Wang
5%
6.40 Maytree *
2%
No matching quizzes found
Score Distribution
Percent of People with Each Score
Percentile by Number Answered
Your Score History
You have not taken this quiz